[Event "JBLN Ost 1819"]
[Site "Germany"]
[Date "2019.03.02"]
[Round "8.6"]
[White "Movsisyan, Andranik"]
[Black "Ermitsch, Magnus"]
[Result "0-1"]
[WhiteElo "1605"]
[BlackElo "1741"]
[PlyCount "56"]
[EventDate "2018.09.29"]
[EventType "team-tourn"]
[EventRounds "9"]
[EventCountry "GER"]
[SourceTitle "CBM 189 Extra"]
[Source "ChessBase"]
[SourceDate "2019.06.03"]
[SourceVersion "1"]
[SourceVersionDate "2019.06.03"]
[SourceQuality "1"]
[WhiteTeam "Weisse Dame"]
[BlackTeam "Borussia Lichtenberg"]
[WhiteTeamCountry "GER"]
[BlackTeamCountry "GER"]

1. e4 c5 2. Nf3 a6 3. d4 cxd4 4. Nxd4 Nf6 5. Nc3 e5 6. Nb3 Bb4 7. Bd2 d6 8. f3 0-0 9. Bd3 Bc5 10. Qe2 b5 11. 0-0-0 b4 12. Na4 Qc7 13. Bc4 Bd7 14. Naxc5 dxc5 15. Be3 Bb5 16. Bxb5 axb5 17. Qxb5 c4 18. Nc5 Rc8 19. Qb7 Qxb7 20. Nxb7 Rxa2 21. Bc5 Na6 22. Kb1 Nxc5 23. Nxc5 Ra5 24. Nb7 Ra7 25. Nd6 Rca8 26. Kc1 c3 27. bxc3 bxc3 28. Rd3 Ra1# 0-1

[Event "JBLN Ost 1819"]
[Site "Germany"]
[Date "2018.09.29"]
[Round "1.4"]
[White "Grossmann, Piet"]
[Black "Movsisyan, Andranik"]
[Result "0-1"]
[WhiteElo "1752"]
[BlackElo "1605"]
[PlyCount "156"]
[EventDate "2018.09.29"]
[EventType "team-tourn"]
[EventRounds "9"]
[EventCountry "GER"]
[SourceTitle "CBM 189 Extra"]
[Source "ChessBase"]
[SourceDate "2019.06.03"]
[SourceVersion "1"]
[SourceVersionDate "2019.06.03"]
[SourceQuality "1"]
[WhiteTeam "Torgelow"]
[BlackTeam "Weisse Dame"]
[WhiteTeamCountry "GER"]
[BlackTeamCountry "GER"]

1. e4 d5 2. exd5 Qxd5 3. d4 Nf6 4. Nc3 Qa5 5. Nf3 Bf5 6. Bd2 c6 7. h3 Qc7 8. g4 Bg6 9. Bg2 e6 10. Ne5 Bd6 11. Nxg6 hxg6 12. Qe2 Nbd7 13. 0-0-0 0-0-0 14. Bg5 Rde8 15. Qd2 Nh7 16. Be3 Ndf6 17. Rhe1 Bb4 18. a3 Bd6 19. Kb1 Nf8 20. Qd3 N8d7 21. Ka2 Nb6 22. Kb1 Nfd5 23. Nxd5 exd5 24. Re2 Nc4 25. Rde1 Rd8 26. Bc1 Qb6 27. Ka2 Bf4 28. b3 Bxc1 29. Rxc1 Nd6 30. Rce1 Nb5 31. Rd1 Qa5 32. b4 Qa6 33. Re7 Rde8 34. Rxe8+ Rxe8 35. Bf3 Kb8 36. Kb2 f5 37. Ra1 Nd6 38. Qxa6 bxa6 39. Kc3 Nb5+ 40. Kd3 Rf8 41. g5 Rh8 42. Bg2 Rh4 43. c3 f4 44. Rh1 Nxa3 45. Bf3 Nc4 46. Bg4 Nd6 47. Re1 Ne4 48. Rxe4 dxe4+ 49. Kxe4 Rh8 50. Kxf4 Rf8+ 51. Ke4 Rxf2 52. d5 Kc7 53. Kd4 Rd2+ 54. Kc4 Rxd5 55. Kb3 Rxg5 56. Ka4 Kb6 57. Kb3 a5 58. bxa5+ Kxa5 59. Bd7 Kb5 60. Bc8 a5 61. Be6 Rg3 62. Bc4+ Kc5 63. Be6 a4+ 64. Kxa4 Rxc3 65. Bd7 Kd6 66. Bc8 c5 67. Kb5 Kd5 68. Ka4 Kd4 69. Be6 c4 70. Kb4 Rc1 71. Ka3 c3 72. Kb3 Kd3 73. Bf7 Rb1+ 74. Ka2 c2 75. Bxg6+ Kd2 76. Bf5 c1Q 77. Bxb1 Kc3 78. h4 Qb2# 0-1

[Event "GER-ch U12"]
[Site "Willingen"]
[Date "2018.05.24"]
[Round "8"]
[White "Movsisyan, Andranik"]
[Black "Kort, Felix"]
[Result "0-1"]
[WhiteElo "1444"]
[BlackElo "1704"]
[PlyCount "70"]
[EventDate "2018.05.19"]
[EventType "swiss"]
[EventRounds "11"]
[EventCountry "GER"]
[SourceTitle "CBM 184 Extra"]
[Source "ChessBase"]
[SourceDate "2018.06.28"]
[SourceVersion "1"]
[SourceVersionDate "2018.06.28"]
[SourceQuality "1"]

1. e4 e5 2. Nf3 Nc6 3. Bc4 Bc5 4. c3 Nf6 5. d4 exd4 6. cxd4 Bb4+ 7. Bd2 Nxe4 8. Bxb4 Nxb4 9. Bxf7+ Kxf7 10. Qb3+ d5 11. Qxb4 Re8 12. 0-0 Qf6 13. Ne5+ Kg8 14. f3 Nd6 15. Nc3 c6 16. Rfe1 Nf5 17. Re2 a5 18. Qc5 Re7 19. Rae1 Be6 20. Ng4 Qxd4+ 21. Qxd4 Nxd4 22. Re5 Rae8 23. Na4 Kf8 24. Nf2 Bf5 25. Rxe7 Rxe7 26. Rxe7 Kxe7 27. Nc5 b6 28. Ncd3 Bxd3 29. Nxd3 c5 30. Kf2 Kf6 31. Nf4 Ke5 32. Nh5 g6 33. Ng7 a4 34. g3 Nb5 35. b3 a3 0-1

[Event "GER-ch U12"]
[Site "Willingen"]
[Date "2018.05.21"]
[Round "3"]
[White "Huo, Da"]
[Black "Movsisyan, Andranik"]
[Result "0-1"]
[WhiteElo "1790"]
[BlackElo "1444"]
[PlyCount "64"]
[EventDate "2018.05.19"]
[EventType "swiss"]
[EventRounds "11"]
[EventCountry "GER"]
[SourceTitle "CBM 184 Extra"]
[Source "ChessBase"]
[SourceDate "2018.06.28"]
[SourceVersion "1"]
[SourceVersionDate "2018.06.28"]
[SourceQuality "1"]

1. e4 d5 2. exd5 Qxd5 3. Nc3 Qa5 4. d4 Nf6 5. Nf3 Bf5 6. Bd3 Bxd3 7. Qxd3 c6 8. 0-0 e6 9. Bf4 Nbd7 10. Nd2 Nh5 11. Be3 Qc7 12. Nde4 Nhf6 13. h3 h6 14. f4 Nxe4 15. Nxe4 0-0-0 16. c3 Be7 17. b4 f5 18. Nd2 g5 19. Kh2 Rdg8 20. c4 g4 21. c5 h5 22. a4 h4 23. Rg1 Nf6 24. b5 Nd5 25. Raf1 Bg5 26. Nc4 Bxf4+ 27. Kh1 Bxe3 28. Nxe3 Qg3 29. bxc6 Nxe3 30. cxb7+ Kb8 31. c6 Nxf1 32. c7+ Qxc7 0-1

[Event "GER-chT U14"]
[Site "Verden an der Aller"]
[Date "2017.12.28"]
[Round "4.4"]
[White "Movsisyan, Andranik"]
[Black "Klaas, Heiko"]
[Result "0-1"]
[WhiteElo "1576"]
[BlackElo "1691"]
[PlyCount "76"]
[EventDate "2017.12.26"]
[EventType "team-swiss"]
[EventRounds "7"]
[EventCountry "GER"]
[SourceTitle "CBM 182 Extra"]
[Source "ChessBase"]
[SourceDate "2018.02.23"]
[SourceVersion "1"]
[SourceVersionDate "2018.02.23"]
[SourceQuality "1"]
[WhiteTeam "Weisse Dame"]
[BlackTeam "Hamburger SK"]
[WhiteTeamCountry "GER"]
[BlackTeamCountry "GER"]

1. e4 e5 2. Nf3 Nc6 3. Bc4 Bc5 4. d3 Nf6 5. Bg5 h6 6. Bxf6 Qxf6 7. Nc3 d6 8. Qe2 Bg4 9. Nd5 Qd8 10. h3 Nd4 11. Qd1 Nxf3+ 12. gxf3 Bh5 13. Qe2 0-0 14. 0-0-0 c6 15. Ne3 a5 16. Ng4 b5 17. Bxf7+ Rxf7 18. Rdg1 Kh7 19. Rg2 b4 20. Rhg1 a4 21. d4 Bxd4 22. Qc4 b3 23. cxb3 axb3 24. a3 d5 25. Qe2 Ra5 26. exd5 Qxd5 27. Qe4+ Qxe4 28. fxe4 Rc5+ 29. Kd2 Rc2+ 30. Ke1 Bxb2 31. f4 Bc3+ 32. Kf1 Rxf4+ 33. Rf2 Bxg4 34. Rxf4 Bxh3+ 35. Rg2 b2 36. Kg1 Rxg2+ 37. Kh1 b1Q+ 38. Rf1 Qxf1# 0-1